000 00537nam a2200193Ia 4500
005 20250508163352.0
008 008 250505s9999 xx 000 0 eng d
037 _aTextual
040 _aFEDL
_beng
_cFEDL
041 _aeng
_2eng
084 _a100, THO
_qFEDL
100 _aThompson Samuel M
245 0 _aNature of philosophy: An introduction
260 _aNew York, USA
_bHolt, Rinehart and Winston
_c1961
300 _axvi,430p.
650 _aPhilosophy
942 _cTEXL
_h100, THO
999 _c1382612
_d1382612